BUBT Library Online Catalog

দুশো ছেষট্টি দিনে স্বাধীনতা/ (Record no. 6002)

000 -LEADER
fixed length control field 00957nam a22002057a 4500
003 - CONTROL NUMBER IDENTIFIER
control field BUBTL
008 - FIXED-LENGTH DATA ELEMENTS--GENERAL INFORMATION
fixed length control field 190428b xxu||||| |||| 00| 0 eng d
020 ## - INTERNATIONAL STANDARD BOOK NUMBER
International Standard Book Number 9843002296
082 ## - DEWEY DECIMAL CLASSIFICATION NUMBER
Classification number 954.92/ K115d/ 2012
100 ## - MAIN ENTRY--PERSONAL NAME
9 (RLIN) 4960
Personal name কাদির, মুহাম্মদ নূরুল
245 ## - TITLE STATEMENT
Title দুশো ছেষট্টি দিনে স্বাধীনতা/
Statement of responsibility, etc. মুহাম্মদ নূরুল কাদির
250 ## - EDITION STATEMENT
Edition statement 12th Edn.
260 ## - PUBLICATION, DISTRIBUTION, ETC. (IMPRINT)
Place of publication, distribution, etc. ঢাকা :
Name of publisher, distributor, etc. মুক্ত পাবলিশার্স,
Date of publication, distribution, etc. c2012
300 ## - PHYSICAL DESCRIPTION
Extent 816 p.:
Other physical details ills.;
Dimensions 29 cm.
505 ## - FORMATTED CONTENTS NOTE
Formatted contents note দুশো ছেষট্টি দিনে স্বাধীনতা, মুহাম্মদ নূরুল কাদির, মুক্তিযুদ্ধ
650 #0 - SUBJECT ADDED ENTRY--TOPICAL TERM
9 (RLIN) 1755
Topical term or geographic name as entry element মুক্তিযুদ্ধ
856 ## - ELECTRONIC LOCATION AND ACCESS
Password 0
Logon 0
Link text Download
942 ## - ADDED ENTRY ELEMENTS (KOHA)
Source of classification or shelving scheme
Koha item type Books
Holdings
Withdrawn status Lost status Source of classification or shelving scheme Damaged status Not for loan Collection code Permanent location Current location Shelving location Date acquired Inventory number Total Checkouts Full call number Barcode Date last seen Copy number Price effective from Koha item type Source of acquisition
          Non-fiction Bangladesh University of Business and Technology Library Bangladesh University of Business and Technology Library   10/30/2016 22905   954.92 / KAD BUBTL-200322905 04/28/2019 C-1 04/28/2019 Books  
          Non-fiction Bangladesh University of Business and Technology Library Bangladesh University of Business and Technology Library   09/11/2012 13950   954.92 / KAD BUBTL-200313950 09/11/2019 C-2 09/11/2019 Books  
          Non-fiction Bangladesh University of Business and Technology Library Bangladesh University of Business and Technology Library Historical Books 11/15/2022 29092   954.92/ K115d/ 2012 BUBTL-200329092 11/21/2022 C-3 11/21/2022 Books Purchase
          Non-fiction Bangladesh University of Business and Technology Library Bangladesh University of Business and Technology Library Historical Books 11/15/2022 29093   954.92/ K115d/ 2012 BUBTL-200329093 11/21/2022 C-4 11/21/2022 Books Purchase
          Non-fiction Bangladesh University of Business and Technology Library Bangladesh University of Business and Technology Library Historical Books 11/15/2022 29094   954.92/ K115d/ 2012 BUBTL-200329094 11/21/2022 C-5 11/21/2022 Books Purchase
          Non-fiction Bangladesh University of Business and Technology Library Bangladesh University of Business and Technology Library Historical Books 11/15/2022 29095   954.92/ K115d/ 2012 BUBTL-200329095 11/21/2022 C-6 11/21/2022 Books Purchase
          Non-fiction Bangladesh University of Business and Technology Library Bangladesh University of Business and Technology Library Historical Books 11/15/2022 29096   954.92/ K115d/ 2012 BUBTL-200329096 11/21/2022 C-7 11/21/2022 Books Purchase

More Information About Library

Library Hours

  • Open: 9.00 am. to 9.00 pm.
  • Only Sunday: 9.00 am. to 6.00 pm.
  • Closed: Holiday

Contact to the University

Bangladesh University of Business and Technology Library

  • Mirpurl-2, 1216.
  • Phone:
  • Fax:
  • E-Mail: admin.library@bubt.edu.bd

Contact to the Library

Contact Person:

Md. Abdul Hakim Shah
Joint Librarian
PABX No:  113
Cell No: 01816332931
E-mail: official: admin.library@bubt.edu.bd
Personal: hakim.shah@bubt.edu.bd


BUBT Library

Copyright © 2021